C++ and object oriented programming (Record no. 13496)

MARC details
000 -LEADER
fixed length control field 00479nam a2200181Ia 4500
008 - FIXED-LENGTH DATA ELEMENTS--GENERAL INFORMATION
fixed length control field 230917s9999||||xx |||||||||||||| ||und||
020 ## - ISBN
Price RS495
040 ## - CATALOGING SOURCE
-- 222288
Original cataloging agency VIVEKANANDA LIBRARY
041 ## - Language
-- English
082 ## - DDC NUMBER
Classification number 005.133 J251C(3)
100 ## - MAIN ENTRY--PERSONAL NAME
Personal name Jana, Debasish
245 #0 - TITLE STATEMENT
Title C++ and object oriented programming
250 ## - EDITION STATEMENT
Edition statement 3rd ed.
260 ## - PUBLICATION, DISTRIBUTION, ETC. (IMPRINT)
Place of publication, distribution, etc New Delhi
Name of publisher, distributor, etc PHI Learning
Date of publication, distribution, etc 2014
300 ## - PHYSICAL DESCRIPTION
Pages xxv, 551 p.
500 ## - GENERAL NOTE
General note 1812 09/01/2015 HBD6390 13/03/2015 Main Budget
942 ## - ADDED ENTRY ELEMENTS (KOHA)
Koha item type Books
Holdings
Withdrawn status Lost status Damaged status Not for loan Location (home branch) Sublocation or collection (holding branch) Date acquired Koha issues (times borrowed) Koha full call number Accession No. Koha date last seen Koha item type
        VIVEKANANDA LIBRARY VIVEKANANDA LIBRARY 09/04/2015 1 005.133 J251C(3) 348677 28/11/2024 Books
        VIVEKANANDA LIBRARY VIVEKANANDA LIBRARY 09/04/2015   005.133 J251C(3) 348678 17/09/2023 Books
© Designed and Maintained by Vivekananda Library, MDU Rohtak